2024 F1 Race Winners - Statistics

General Stats
  • This quiz has been taken 57 times
  • The average score is 23 of 24
Answer Stats
Track Team Winner % Correct
Bahrain Red Bull Verstappen
100%
Saudi Arabia Red Bull Verstappen
100%
Japan Red Bull Verstappen
100%
China Red Bull Verstappen
100%
San Marino Red Bull Verstappen
100%
Canada Red Bull Verstappen
100%
Spain Red Bull Verstappen
100%
Brazil Red Bull Verstappen
100%
Qatar Red Bull Verstappen
100%
Great Britain Mercedes Hamilton
96%
Belgium Mercedes Hamilton
96%
Monaco Ferrari Leclerc
96%
Italy Ferrari Leclerc
96%
United States Ferrari Leclerc
96%
Miami McLaren Norris
96%
Netherlands McLaren Norris
96%
Singapore McLaren Norris
96%
Abu Dhabi McLaren Norris
96%
Australia Ferrari Sainz
96%
Mexico Ferrari Sainz
96%
Hungary McLaren Piastri
94%
Azerbaijan McLaren Piastri
94%
Austria Mercedes Russell
94%
Las Vegas Mercedes Russell
94%
No matching quizzes found
Score Distribution
Percent of People with Each Score
Percentile by Number Answered
Your Score History
You have not taken this quiz